000 00787nam a2200253Ia 4500
003 OSt
005 20220923224948.0
006 a|||||r|||| 00| 0
007 ta
008 220922b |||||||| |||| 00| 0 hin d
024 _a254,327
037 _cTextual
040 _aARTS
_cARTS
_bhin
041 _2hin
_ahin
082 _aY:351(NT).2, 152M0
100 _aशिवकुमार
_9156277
245 0 _aभारत के लोकनाटय
246 _aBhārat ke lokanāṭaya
260 _aदिल्ली
_b वाणी प्रकाशन
_c1980
300 _a87पृ.
_ccm.
650 _aभारतीय-लोक साहित्य
942 _hY:351(NT).2, 152M0
_cTEXL
_2CC
999 _c375007
_d375007